[Event "Medellin Flores op 23rd"]
[Site "Medellin"]
[Date "2016.08.07"]
[Round "9"]
[White "Ramirez, Benjamin Dario"]
[Black "Soto, Miguel Angel"]
[Result "1/2-1/2"]
[WhiteElo "2206"]
[BlackElo "2006"]
[PlyCount "78"]
[EventDate "2016.08.03"]
[EventType "swiss"]
[EventRounds "9"]
[EventCountry "COL"]
[SourceTitle "CBM 173 Extra"]
[Source "ChessBase"]
[SourceDate "2016.08.29"]
[SourceVersion "1"]
[SourceVersionDate "2016.08.29"]
[SourceQuality "1"]

1. e4 c5 2. Nf3 d6 3. d4 cxd4 4. Nxd4 Nf6 5. Nc3 g6 6. Be3 Bg7 7. h3 0-0 8. Be2 Nc6 9. Qd2 Bd7 10. 0-0 Nxd4 11. Bxd4 Bc6 12. Bd3 e5 13. Be3 d5 14. exd5 Nxd5 15. Nxd5 Qxd5 16. f3 Qe6 17. Qf2 Rfd8 18. Be4 b6 19. Bxc6 Qxc6 20. Rad1 Rxd1 21. Rxd1 e4 22. b3 Re8 23. f4 Qc3 24. a4 Qc7 25. Qd2 Bf8 26. c4 Bc5 27. Kf1 Qe7 28. Ke2 Qh4 29. Qd7 Rf8 30. Bxc5 bxc5 31. Qg4 Qf6 32. Qg3 Rb8 33. f5 Re8 34. fxg6 hxg6 35. Qe3 Qb2+ 36. Rd2 Qb1 37. Rd1 Qb2+ 38. Rd2 Qb1 39. Rd1 Qb2+ 1/2-1/2

[Event "Medellin Flores op 23rd"]
[Site "Medellin"]
[Date "2016.08.06"]
[Round "7"]
[White "Ramirez, Benjamin Dario"]
[Black "Escobar Medina, Andres F"]
[Result "1-0"]
[WhiteElo "2206"]
[BlackElo "2297"]
[PlyCount "89"]
[EventDate "2016.08.03"]
[EventType "swiss"]
[EventRounds "9"]
[EventCountry "COL"]
[SourceTitle "CBM 173 Extra"]
[Source "ChessBase"]
[SourceDate "2016.08.29"]
[SourceVersion "1"]
[SourceVersionDate "2016.08.29"]
[SourceQuality "1"]

1. e4 g6 2. d4 Bg7 3. Nf3 d6 4. h3 c5 5. c3 Nd7 6. Bd3 Qb6 7. Bc2 Qa6 8. Bd3 Qb6 9. Bc2 Qc7 10. 0-0 b5 11. Re1 Bb7 12. Be3 Ngf6 13. Nbd2 0-0 14. Rc1 Rfd8 15. Bb1 Rac8 16. Qe2 cxd4 17. Nxd4 a6 18. f4 e5 19. N4b3 exf4 20. Bxf4 Re8 21. Qf2 Nc5 22. Nxc5 Qxc5 23. Be3 Qc7 24. Bd4 Nd7 25. Rcd1 Ne5 26. Rf1 Re7 27. Rde1 Rce8 28. Re3 a5 29. a3 b4 30. axb4 axb4 31. Ba2 Ba6 32. Rfe1 Nc6 33. Bxg7 Kxg7 34. Bd5 Ne5 35. c4 Rf8 36. Rg3 Bc8 37. Qd4 Qc5 38. Nb3 Qc7 39. c5 dxc5 40. Nxc5 Qb8 41. Ra1 Kg8 42. Ra8 Qb6 43. Kh2 Nd7 44. Nb3 Qd6 45. Bxf7+ 1-0

[Event "COL pre olympic sf"]
[Site "Bogota"]
[Date "2016.05.30"]
[Round "9"]
[White "Corredor Castellanos, Camilo"]
[Black "Ramirez, Benjamin Dario"]
[Result "0-1"]
[WhiteElo "1965"]
[BlackElo "2257"]
[PlyCount "40"]
[EventDate "2016.05.25"]
[EventType "swiss"]
[EventRounds "9"]
[EventCountry "COL"]
[SourceTitle "CBM 172 Extra"]
[Source "ChessBase"]
[SourceDate "2016.06.21"]
[SourceVersion "1"]
[SourceVersionDate "2016.06.21"]
[SourceQuality "1"]

1. Nf3 Nf6 2. c4 c5 3. Nc3 Nc6 4. g3 g6 5. Bg2 Bg7 6. 0-0 0-0 7. d4 cxd4 8. Nxd4 Qb6 9. Nxc6 dxc6 10. Qc2 Be6 11. b3 Bf5 12. e4 Nxe4 13. Be3 Nxc3 14. Bxb6 Bxc2 15. Be3 Ne2+ 16. Kh1 Bxa1 17. Rxa1 Rad8 18. Bxa7 Rd1+ 19. Rxd1 Bxd1 20. Be3 Rd8 0-1

[Event "COL pre olympic sf"]
[Site "Bogota"]
[Date "2016.05.29"]
[Round "8"]
[White "Ramirez, Benjamin Dario"]
[Black "Rodriguez Velasco, German Enrique"]
[Result "1/2-1/2"]
[WhiteElo "2257"]
[BlackElo "2020"]
[PlyCount "41"]
[EventDate "2016.05.25"]
[EventType "swiss"]
[EventRounds "9"]
[EventCountry "COL"]
[SourceTitle "CBM 172 Extra"]
[Source "ChessBase"]
[SourceDate "2016.06.21"]
[SourceVersion "1"]
[SourceVersionDate "2016.06.21"]
[SourceQuality "1"]

1. e4 c5 2. Nf3 e6 3. d4 cxd4 4. Nxd4 a6 5. a3 Nf6 6. Nc3 Qc7 7. Be2 b5 8. 0-0 Bb7 9. Bf3 Nc6 10. Be3 Be7 11. g3 0-0 12. Bg2 d6 13. f4 Rfd8 14. Qe2 Nxd4 15. Bxd4 e5 16. Be3 d5 17. exd5 Nxd5 18. Nxd5 Bxd5 19. Rfd1 Bxg2 20. Qxg2 exf4 21. Bxf4 1/2-1/2

[Event "COL pre olympic sf"]
[Site "Bogota"]
[Date "2016.05.27"]
[Round "4"]
[White "Ramirez, Benjamin Dario"]
[Black "Dominguez, Ramiro"]
[Result "1/2-1/2"]
[WhiteElo "2257"]
[BlackElo "2164"]
[PlyCount "107"]
[EventDate "2016.05.25"]
[EventType "swiss"]
[EventRounds "9"]
[EventCountry "COL"]
[SourceTitle "CBM 172 Extra"]
[Source "ChessBase"]
[SourceDate "2016.06.21"]
[SourceVersion "1"]
[SourceVersionDate "2016.06.21"]
[SourceQuality "1"]

1. e4 e5 2. Nf3 Nc6 3. Bb5 Bc5 4. 0-0 Nd4 5. Nxd4 Bxd4 6. c3 Bb6 7. d4 c6 8. Ba4 d6 9. Na3 Nf6 10. Qd3 0-0 11. Bg5 h6 12. Bh4 Qe7 13. Bc2 g5 14. Bg3 exd4 15. cxd4 Qxe4 16. Qxe4 Nxe4 17. Bxe4 f5 18. Bxd6 Rd8 19. Be7 Re8 20. Bxf5 Rxe7 21. Bxc8 Rxc8 22. Nc2 Re2 23. Rac1 Rd8 24. Rfd1 Rf8 25. Rf1 Rd2 26. f3 Re8 27. Rfd1 Ree2 28. Rxd2 Rxd2 29. b3 Kf7 30. a4 Ke6 31. Kf1 a5 32. Re1+ Kd7 33. Re2 Rd1+ 34. Re1 Rd3 35. Re3 Rxe3 36. Nxe3 Bxd4 37. Nf5 Be5 38. Nxh6 Bxh2 39. Ke2 Ke6 40. Kd3 Kd5 41. Ng4 Bf4 42. Nf6+ Kc5 43. Ne4+ Kb4 44. Kc2 b5 45. axb5 cxb5 46. g3 Be5 47. Nxg5 Bxg3 48. Ne4 Be5 49. Nf2 Ka3 50. Nd3 Bd4 51. f4 b4 52. f5 a4 53. bxa4 b3+ 54. Kb1 1/2-1/2